| 000 | 00753nam a22002297a 4500 | ||
|---|---|---|---|
| 999 |
_c7089 _d7089 |
||
| 003 | OSt | ||
| 005 | 20211014142500.0 | ||
| 008 | 171127e201709 spca||||||||||0|| e|spa|d | ||
| 017 |
_aDL B 19197-2017 _bBiblioteca de Catalunya |
||
| 020 | _a9788490293492 | ||
| 040 |
_aES-BaUOC _bcat _cCDMR |
||
| 100 | 1 | _aSanagustín Fernández, Eva, | |
| 245 | 1 | 0 |
_aPlan de contenidos para medios sociales _c/ Eva Sanagustín |
| 260 |
_aBarcelona : _bEditorial UOC, _c2017 |
||
| 300 |
_a105 pàgines : _bil·lustracions ; _c17 cm |
||
| 490 | 1 |
_aEl Profesional de la información ; _v41 |
|
| 504 | _aInclou bibliografia | ||
| 650 | 0 | 4 |
_aPeriodisme digital _93076 |
| 650 | 0 | 0 |
_aMàrqueting digital _94161 |
| 650 | 0 | 0 |
_aPlanificació estratègica _94329 |
| 942 |
_cMON _2udc |
||